000 01316nam0a2200373 4500
001 RU\NLR\BIBL_A\010006619
005 20250613195505.0
010 _a978-5-94455-314-0
_96000
021 _aRU
_b2014-80069
_94888
021 _aRU
_b2013-82214
_95682
021 _aRU
_b2016-99608
_96628
035 _a(NILC)RuMoRGB-006679560
035 _a(NLR Aleph) 010006619
090 _a9829082
_c9829082
100 _a20131121d2013 |||y0rusy50 ca
101 0 _arus
102 _aRU
105 _ay|||j|||000yy
200 1 _aМорфологический разбор слова
_fО. Д. Ушакова
210 _aСанкт-Петербург
_cЛитера
_d2013
215 _a95 с.
_cтабл.
_d22
225 1 _aСловарик школьника
606 1 _aРусский язык
_jСправочники для школьников
_xМорфология
_91534731
_3RU\NLR\AUTH\66969914
675 _a373.167.1:811.161.1
675 _a811.161.1(075.3)
686 1 _aШ141.12-922-21
700 1 _aУшакова
_bО. Д.
_gОльга Дмитриевна
_4070
801 0 _aRU
_bRuMoRKP
_c20131014
_gRCR
801 2 _aRU
_bРГБ
_c20131021
_grcr
801 1 _aRU
_bRuMoRKP
_c20131014
_2rusmarc
942 _cBOOK
980 _aNB